00311nam a2200121Ia 4500008004100000041000800041082001500049100001900064245004500083260002800128300002400156365000900180240624s9999 xx 000 0 und d aeng a302.23 HER aHERMIDA ALFRED aTELL EVERYONE WHY WE SHARE AND WHY IT MA c2014aCanadabDoubleday a264 : p. : cm. ; 23 cb50